[Event "Czech Open A"]
[Site "Pardubice CZE"]
[Date "2006.07.21"]
[Round "1"]
[White "Ajrapetjan,Y"]
[Black "Baci,V"]
[Result "1-0"]
[WhiteElo "2406"]
[BlackElo "2206"]

1.d4 Nf6 2.Bg5 Ne4 3.Bf4 e6 4.f3 Bd6 5.Bxd6 Nxd6 6.e4 f5 7.e5 Nf7 8.f4 O-O
9.Nf3 d6 10.Bd3 c5 11.exd6 Qxd6 12.dxc5 Qxc5 13.Nc3 e5 14.fxe5 Nxe5 15.Nxe5 Re8
16.Be2 Qxe5 17.Qd5+ Qxd5 18.Nxd5 Na6 19.Kf2 Be6 20.Rad1 Rac8 21.c3 Kf7 22.Rhe1 g5  1-0

[Event "6th Open"]
[Site "Saint Chely d'Aubrac FRA"]
[Date "2006.07.21"]
[Round "8"]
[White "Lagunes,R"]
[Black "Lagunes,J"]
[Result "0-1"]
[WhiteElo "1803"]
[BlackElo "2151"]

1.d4 Nf6 2.Bg5 Ne4 3.Bf4 d6 4.f3 Nf6 5.e4 g6 6.Qd2 c6 7.Bh6 Bxh6 8.Qxh6 Qb6
9.b3 Qxd4 10.c3 Qe5 11.g4 Bxg4 12.fxg4 Qxe4+ 13.Be2 Qxh1 14.Kf1 Qd5 15.Na3 Nbd7
16.Nc4 O-O-O 17.Nf3 Nxg4 18.Qc1 Nxh2+ 19.Kg2 Nxf3 20.Bxf3 Qc5 21.Ne3 Ne5
22.Be2 f5 23.b4 Qb6 24.Kf1 f4 25.Nc2 f3 26.Bd1 Qb5+  0-1

[Event "Politiken Cup"]
[Site "Copenhagen DEN"]
[Date "2006.07.22"]
[Round "1"]
[White "Snahre,Stig Allan"]
[Black "Hansen,ReR"]
[Result "1/2-1/2"]
[WhiteElo "1594"]
[BlackElo "2096"]

1.d4 Nf6 2.Bg5 Ne4 3.Bf4 d5 4.e3 Bf5 5.f3 Nd6 6.Nd2 e6 7.a3 Nd7 8.c4 c5 9.cxd5 exd5
10.dxc5 Nxc5 11.Nb3 Nxb3 12.Qxb3 Qa5+ 13.Qc3 Qxc3+ 14.bxc3 Be6 15.Bxd6 Bxd6
16.Ne2 Rc8 17.Kd2 Ke7 18.Nd4 a6 19.Bd3 Rc5 20.g3 g6 21.Rhb1 Rc7 22.Rb3  1/2-1/2

[Event "3rd ACT"]
[Site "Amsterdam NED"]
[Date "2006.07.23"]
[Round "9"]
[White "Van Ruitenburg,J"]
[Black "Overeem,M"]
[Result "1-0"]
[WhiteElo "2315"]
[BlackElo "2243"]

1.d4 Nf6 2.Bg5 Ne4 3.Bh4 c5 4.f3 g5 5.fxe4 gxh4 6.e3 Bh6 7.Nd2 Bxe3 8.d5 Bd4
9.c3 Bf6 10.Qh5 d6 11.Ngf3 Rg8 12.e5 dxe5 13.O-O-O Bg4 14.Qxh7 Rh8 15.Qe4 Bh5
16.d6 Nc6 17.Bb5 Qb6 18.a4 Bg6 19.Qe3 exd6 20.Nc4 Qc7 21.Rxd6 Bg7 22.Qxc5  1-0

[Event "10th Battle of Senta 1697 Open"]
[Site "Senta SCG"]
[Date "2006.07.23"]
[Round "4"]
[White "Sinka,I"]
[Black "Andrejic,V"]
[Result "1-0"]
[WhiteElo "2336"]
[BlackElo "2178"]

1.d4 Nf6 2.Bg5 Ne4 3.Bf4 c5 4.f3 Nf6 5.dxc5 Qa5+ 6.Nc3 Qxc5 7.e4 d6 8.Qd2 Bd7
9.O-O-O g6 10.Be3 Qa5 11.g4 Nc6 12.Kb1 Bg7 13.h4 h6 14.Nge2 O-O-O 15.Nd4 Nxd4
16.Bxd4 Kb8 17.Bc4 Be6 18.Bxe6 fxe6 19.Rhe1 e5 20.Be3 e6 21.Qd3 a6 22.g5 hxg5
23.hxg5 Nh5 24.Qc4 Rhe8 25.Qb3 b5 26.a4 b4 27.Na2 Ka8 28.Nxb4 Rb8 29.Qc4 Rec8
30.Nc6 d5 31.Nxa5 dxc4 32.Rd7 Rb4 33.Ra7+ Kb8 34.Rxa6  1-0

[Event "Politiken Cup"]
[Site "Copenhagen DEN"]
[Date "2006.07.24"]
[Round "3"]
[White "Brondum,E"]
[Black "Al Saad,M"]
[Result "1-0"]
[WhiteElo "2202"]
[BlackElo "1822"]

1.d4 Nf6 2.Bg5 Ne4 3.h4 Nxg5 4.hxg5 e5 5.dxe5 Qxg5 6.Nf3 Qe7 7.Nc3 c6 8.Qd2 Na6
9.O-O-O Nc5 10.Ng5 h5 11.f4 b5 12.g3 Bb7 13.Bg2 O-O-O 14.Qd4 f6 15.Nge4 Nxe4
16.Nxe4 Kb8 17.exf6 gxf6 18.Qxf6 Rh6 19.Qxe7 Bxe7 20.Bf3 h4 21.Ng5 Rf6 22.Rxh4 d5
23.Rh7 Bc5 24.Rdh1 Bc8 25.Rh8 Rff8 26.R8h6 Kc7 27.Ne6+ Bxe6 28.Rxe6 Rh8 29.Rxh8 Rxh8
30.e4 Be3+ 31.Kd1 d4 32.e5 Rh2 33.Rxc6+ Kd7 34.f5 Rf2 35.Be4 Rf1+ 36.Ke2 Rf2+
37.Ke1 Rh2 38.Ra6 Bf2+ 39.Kf1 Bxg3 40.Rxa7+ Kc8 41.e6 Rf2+ 42.Kg1 Re2 43.Ra8+ Kc7
44.e7  1-0

[Event "Politiken Cup"]
[Site "Copenhagen DEN"]
[Date "2006.07.24"]
[Round "3"]
[White "Masters,A"]
[Black "Skjoldager,F"]
[Result "1-0"]
[WhiteElo "1764"]
[BlackElo "2067"]

1.d4 Nf6 2.Bg5 Ne4 3.Bf4 d5 4.f3 Nf6 5.c4 e6 6.Nc3 c6 7.e4 dxc4 8.Bxc4 Nbd7
9.Nge2 Be7 10.Qd2 O-O 11.Bb3 Qa5 12.O-O Kh8 13.e5 Ng8 14.Qd3 Rd8 15.Bc2 g6
16.Ne4 Kg7 17.Bd2 Qb6 18.Qe3 c5 19.Nd6 Bxd6 20.exd6 Qxd6 21.Kh1 cxd4 22.Nxd4 e5
23.Nf5+ gxf5 24.Qg5+ Kh8 25.Qxd8 Qxd2 26.Bxf5 Qd6 27.Rad1 Qf8 28.Qxf8 Nxf8
29.Rd8 Bxf5 30.Rxa8 Nd7 31.Rxa7 b6 32.b4 Ngf6 33.Rd1 Kg7 34.a4 Nb8 35.a5 bxa5
36.bxa5 Nc6 37.Ra6 Nxa5 38.Rxa5 Be6 39.Rxe5 Bb3 40.Rb1 Ba2 41.Rbb5 Bc4 42.Rg5+ Kf8
43.Rbc5 Be6 44.g4 h6 45.Rge5 Kg7 46.Ra5 Bc4 47.Kg2 Bb3 48.Kg3 Bc2 49.h4 Bb3
50.Reb5 Bc4 51.Rc5 Bb3 52.Ra6 Be6 53.Rcc6  1-0

[Event "XLVIII TCh-POR"]
[Site "Evora POR"]
[Date "2006.07.25"]
[Round "4"]
[White "Felizes,P"]
[Black "Garrido Dominguez,J"]
[Result "0-1"]
[WhiteElo "2129"]
[BlackElo "2341"]

1.d4 Nf6 2.Bg5 Ne4 3.h4 c5 4.dxc5 Qa5+ 5.Nd2 Nxg5 6.hxg5 g6 7.c3 Qxc5 8.Ngf3 Bg7
9.Rh4 Nc6 10.e4 d6 11.Nb3 Qb6 12.Bc4 h5 13.gxh6 Rxh6 14.Qd2 Rxh4 15.Nxh4 Ne5
16.Be2 Bd7 17.Nf3 O-O-O 18.Nxe5 Bxe5 19.f4 Qg1+ 20.Bf1 Bb5 21.O-O-O Bxf1
22.fxe5 Qxg2 23.Qe3 Ba6 24.exd6 Rxd6 25.Rxd6 exd6 26.Qd4 Qg5+ 27.Nd2 Qc5
28.Qh8+ Kd7 29.Qf6 Ke8 30.Qh8+ Ke7 31.b4 Qe5 32.Qxe5+ dxe5 33.c4 b6 34.Kd1 f5
35.Ke2 Kf6 36.Ke3 Bb7 37.exf5 gxf5 38.c5 f4+ 39.Kf2 Bd5 40.a4 e4 41.Nb1 bxc5
42.bxc5 a6 43.Nc3 Ke5  0-1

[Event "10th Battle of Senta 1697 Open"]
[Site "Senta SCG"]
[Date "2006.07.26"]
[Round "7"]
[White "Benkovic,P"]
[Black "Arsovic,G"]
[Result "1-0"]
[WhiteElo "2431"]
[BlackElo "2483"]

1.d4 Nf6 2.Bg5 Ne4 3.Bf4 c5 4.f3 Qa5+ 5.c3 Nf6 6.Nd2 cxd4 7.Nc4 Qd8 8.cxd4 g6
9.Rc1 d6 10.Qd2 Bg7 11.Bh6 Bxh6 12.Qxh6 Nc6 13.Qd2 Be6 14.e3 O-O 15.Bd3 Rc8
16.Ne2 Bxc4 17.Bxc4 d5 18.Bb5 Qb6 19.Bxc6 Rxc6 20.Kf2 Rfc8 21.Rxc6 Rxc6 22.Rc1 Kg7
23.Rxc6 Qxc6 24.Qb4 Qc7 25.h3 h5 26.Qc5 Qxc5 27.dxc5 Nd7 28.b4 Ne5 29.Nc1 Kf8
30.Ke2 Ke8 31.f4 Nd7 32.Kd3 e5 33.fxe5 Nxe5+ 34.Kd4 Nc6+ 35.Kc3 a6 36.a4 Kd7
37.b5 axb5 38.axb5 Ne7 39.g4 hxg4 40.hxg4 Ng8 41.Nd3 Nf6 42.Ne5+ Ke6 43.Kd4 Ne8
44.b6 g5 45.Nc6 Kd7 46.Na5 Kc8 47.Ke5 Ng7 48.Kf6 Ne6 49.Nb3  1-0

[Event "MTO Open"]
[Site "Biel SUI"]
[Date "2006.07.28"]
[Round "5"]
[White "Cebalo,M"]
[Black "Nemet,I"]
[Result "0-1"]
[WhiteElo "2505"]
[BlackElo "2353"]

1.d4 Nf6 2.Bg5 Ne4 3.Bf4 d5 4.e3 e6 5.Bd3 Bd6 6.Ne2 Nc6 7.Bxe4 dxe4 8.Nbc3 f5
9.O-O Ne7 10.Nb5 Ng6 11.c4 O-O 12.Qb3 Bxf4 13.exf4 a6 14.Nbc3 b5 15.Rfd1 c6
16.a4 bxc4 17.Qxc4 Qd6 18.b4 Nxf4 19.Nxf4 Qxf4 20.Qxc6 Ra7 21.Ne2 Qg4 22.Kf1 Raf7
23.h3 Qh4 24.Ra3 Bd7 25.Qc2 Qe7 26.Qc5 Qe8 27.Nc3 Qb8 28.Kg1 Rc8 29.Qa5 Bc6
30.b5 axb5 31.axb5 Bb7 32.Qb6 e3 33.Qxe6 exf2+ 34.Kxf2 Re8 35.Qa2 Qh2 36.d5 f4
37.Ne2 f3 38.Rxf3 Rxf3+ 39.Kxf3 Rf8+ 40.Ke4 Qxg2+ 41.Kd4 Qf2+ 42.Kc3 Rc8+
43.Kd2 Re8 44.Qc4 Kh8 45.d6 Qe3+ 46.Kc2 Rc8 47.Qxc8+ Bxc8 48.Nc3 Bd7 49.h4 Qf2+
50.Kb3 Be6+ 51.Kb4 Qb2+ 52.Kc5 Qxc3+ 53.Kb6 Bd7 54.Rd5 g6  0-1

[Event "Copa Mercosur"]
[Site "Villa Martelli ARG"]
[Date "2006.07.28"]
[Round "5"]
[White "Rodriguez,And URU"]
[Black "Fier,A"]
[Result "1/2-1/2"]
[WhiteElo "2511"]
[BlackElo "2459"]

1.d4 Nf6 2.Bg5 Ne4 3.Bf4 d5 4.e3 Bf5 5.Bd3 e6 6.g4 Bg6 7.h4 Nd6 8.Nf3 Nd7
9.Nc3 c5 10.h5 Bxd3 11.Qxd3 c4 12.Qe2 b5 13.a3 Qa5 14.h6 Ne4 15.hxg7 Bxg7
16.Kf1 Nxc3 17.Qe1 Nf6 18.Ne5 Nd7 19.Nxd7 Kxd7 20.bxc3 Qd8 21.a4 a6 22.Qb1 Kc6
23.Ke2 f6 24.e4 dxe4 25.Rh5 e5 26.dxe5 fxe5 27.Bxe5 Qd7 28.Qh1 Qxg4+ 29.Kf1 Rad8
30.axb5+ axb5 31.Re1 Bxe5 32.Rxe5 Qf3 33.Re6+ Rd6 34.Rxd6+ Kxd6 35.Qh6+ Kc5
36.Qh2 Kc6 37.Qh4 Kd5 38.Re2 Rg8 39.Rd2+ Kc6 40.Qh2 Rg6 41.Rd8 e3 42.Rc8+ Kb7
43.Qb8+ Ka6 44.Qa8+ Qxa8 45.Rxa8+ Kb7 46.Rh8 Rh6 47.fxe3 Rh2 48.e4 Kc6 49.Rc8+ Kd6
50.Rb8 Rxc2 51.Rxb5 Rxc3 52.Ke2 Rh3 53.Kd2 h5 54.Rd5+ Ke6 55.Rc5 c3+ 56.Kc2 Kf6
57.Rf5+ Kg6 58.Rf1 Re3 59.Rg1+ Kh7 60.Rh1 Kh6 61.Kb3 Rxe4 62.Kxc3 Kg5 63.Kd2 h4
64.Re1 Ra4 65.Ke3 Kg4 66.Kf2 h3  1/2-1/2

[Event "15th Open A"]
[Site "Vienna AUT"]
[Date "2006.07.30"]
[Round "2"]
[White "Wiesner,H"]
[Black "Heinz,Ti"]
[Result "0-1"]
[WhiteElo "2023"]
[BlackElo "2292"]

1.d4 Nf6 2.Bg5 Ne4 3.Bf4 c5 4.f3 Qa5+ 5.c3 Nf6 6.d5 Qb6 7.e4 e6 8.Na3 exd5
9.exd5 d6 10.Nc4 Qc7 11.Qe2+ Kd8 12.O-O-O b5 13.Ne3 c4 14.g4 Be7 15.Nh3 Re8
16.Qd2 Na6 17.Ng5 Bf8 18.h4 Nc5 19.Nc2 h6 20.Nh3 Bb7 21.Nb4 Nfd7 22.Nc6+ Bxc6
23.dxc6 Qxc6 24.Bxd6 Bxd6 25.Qxd6 Qxd6 26.Rxd6 Kc7 27.Rd1 Ne5 28.Nf4 Rad8
29.Rxd8 Rxd8 30.Rh3 g5 31.hxg5 hxg5 32.Ne2 Ned3+ 33.Kb1 Nf2 34.Rh7 Rd1+ 35.Kc2 Rxf1
36.Rxf7+ Kb6 37.Rf6+ Kc7 38.Nd4 Nfd3 39.Nxb5+ Kd7 40.b4 cxb3+ 41.axb3 Rf2+
42.Kd1 Nb2+ 43.Kc1 Nxb3+ 44.Kb1 Na4  0-1

[Event "Copa Mercosur"]
[Site "Villa Martelli ARG"]
[Date "2006.07.30"]
[Round "7"]
[White "Stamenkovic,Dr"]
[Black "Needleman,G"]
[Result "1-0"]
[WhiteElo "2393"]
[BlackElo "2435"]

1.d4 Nf6 2.Bg5 Ne4 3.Bf4 c5 4.f3 Nf6 5.dxc5 Qa5+ 6.Nc3 Qxc5 7.e4 d6 8.Qd2 g6
9.O-O-O Nbd7 10.Be3 Qa5 11.Nb5 Qxa2 12.Qb4 a5 13.Nc7+ Kd8 14.Qc3 Bg7 15.e5 Ne4
16.fxe4 Bxe5 17.Rd4 Qa1+ 18.Kd2 Qxf1 19.Nxa8 e6 20.Qc7+ Ke7 21.Nb6 Qxg2+
22.Ne2 Qxh1 23.Rd3 Qxe4 24.Nxc8+ Rxc8 25.Qxc8 Bxb2 26.Rb3 Qd5+ 27.Ke1 b5
28.Rxb2 b4 29.Rb3 Qh1+ 30.Bg1 Nc5 31.Qc7+ Kf6 32.Rh3 Ne4 33.Rxh7 Ke5 34.Qxa5+  1-0

[Event "15th Open A"]
[Site "Vienna AUT"]
[Date "2006.07.31"]
[Round "3"]
[White "Steiner,B"]
[Black "Danner,G"]
[Result "0-1"]
[WhiteElo "2253"]
[BlackElo "2411"]

1.d4 Nf6 2.Bg5 Ne4 3.Bf4 d5 4.f3 Nf6 5.e4 e6 6.Nc3 Bb4 7.Qd3 c5 8.dxc5 Nc6
9.O-O-O d4 10.Nb5 e5 11.Nd6+ Kf8 12.Bxe5 Nxe5 13.Qxd4 Nc6 14.Qe3 Qa5 15.Qb3 Be6
16.Bc4 Bxc4 17.Qxc4 Ne5 18.Qb3 Bxc5 19.Nxb7 Qb4 20.Nxc5 Qxc5 21.Ne2 g6 22.f4 Nc4
23.Qc3 Qe3+ 24.Qxe3 Nxe3 25.Rd3 Neg4 26.e5 Ne4 27.Re1 h5 28.h3 Nh6 29.Nd4 Nc5
30.Rc3 Ne6 31.Nxe6+ fxe6 32.Rc7 Rg8 33.Rd1 Rg7 34.Rxg7 Kxg7 35.Rd7+ Kf8 36.c4 Nf5
37.Kd2 a5 38.g4 Ne7 39.Kc3 Kf7 40.b3 hxg4 41.hxg4 Rh8 42.Kd4 Rh2 43.Kc5 Rxa2
44.Kd6 Rd2+ 45.Kc7 Rh2 46.Kd6 Rd2+ 47.Kc7 Rh2 48.c5 Rh3 49.c6 Rxb3 50.Kd6 Rd3+
51.Kc7 Rd5 52.Kb6 Rxd7 53.cxd7 Nd5+ 54.Kc6 Ke7 55.f5 exf5 56.e6 Nf4 57.gxf5 gxf5
58.Kb5 Nxe6  0-1

[Event "Liepajas Rokade"]
[Site "Liepaja LAT"]
[Date "2006.08.05"]
[Round "10"]
[White "Rausis,I"]
[Black "Malisauskas,V"]
[Result "1/2-1/2"]
[WhiteElo "2510"]
[BlackElo "2510"]

1.d4 Nf6 2.Bg5 Ne4 3.Bh4 d5 4.Nd2 Bf5 5.e3 Nxd2 6.Qxd2 c6 7.c4 Qd7 8.Nf3 e6
9.Be2 f6 10.O-O Be7 11.Bd3 Bxd3 12.Qxd3 Na6 13.Rfe1 O-O 14.Bg3 Rfe8 15.e4 Bf8
16.h3 Rad8 17.Qb3 Kh8 18.Re2 dxe4 19.Rxe4 e5 20.Qc2 exd4 21.Rxd4 Qf7 22.Rad1 Rxd4
23.Rxd4 Nc5  1/2-1/2

[Event "ch-Euro Senior"]
[Site "Davos SUI"]
[Date "2006.08.08"]
[Round "4"]
[White "Cebalo,M"]
[Black "Stepak,Y"]
[Result "1-0"]
[WhiteElo "2505"]
[BlackElo "2280"]

1.d4 Nf6 2.Bg5 Ne4 3.Bf4 d5 4.e3 e6 5.Bd3 Nf6 6.Nf3 Bd6 7.Bg3 Bxg3 8.hxg3 c5
9.dxc5 Qa5+ 10.Nc3 Qxc5 11.Qd2 Nc6 12.O-O-O Bd7 13.e4 O-O-O 14.exd5 exd5
15.Qg5 Qf8 16.Bf5 h6 17.Qf4 Qc5 18.Rhe1 Bxf5 19.Qxf5+ Kb8 20.Nd4 Nxd4 21.Qf4+ Ka8
22.Qxd4 Qxd4 23.Rxd4 Rd7 24.Re5 Rhd8 25.g4 Kb8 26.g5 hxg5 27.Rxg5 g6 28.f4 Kc8
29.b3 a6 30.f5 Nh7 31.Rg3 gxf5 32.Rf3 Rg8 33.Nxd5 Kb8 34.Rd2 Rg5 35.Ne3 Rc7
36.Nxf5 Rg6 37.Nd6 Ng5 38.Rf5 Rd7 39.Nc4 Re7 40.a4 Ne4 41.Re2 Rge6 42.Re3 Kc7
43.g4 b6 44.a5 bxa5 45.Rxa5 f6 46.Rf3 Kb7 47.Raf5 Ng5 48.R3f4 Nh3 49.Na5+ Kc8
50.Ra4 Ng5 51.Kb2 Ne4 52.Nc4 Rc6 53.Rf4 Nc5 54.Ra1 Re2 55.Rd1 Ree6 56.Rd5 Ne4
57.Rd3 Nd6 58.Ne3 Ne4 59.Nf5 Re5 60.Nd4 Rc7 61.Rh3 Rd7 62.c3 Kb7 63.Kc2 a5
64.Rf5 Rxf5 65.gxf5 Rg7 66.Re3 Rg2+ 67.Kd3 Ng5 68.Kc4 Ra2 69.Kb5 Kc8 70.Re7 Ra1
71.Nc6 Rd1 72.Nxa5 Rf1 73.Nc6 Rb1 74.b4 Rd1 75.Kb6  1-0

[Event "San Agustin Open"]
[Site "Aviles ESP"]
[Date "2006.08.09"]
[Round "5"]
[White "Mladenov,P"]
[Black "Chueca Forcen,A"]
[Result "1/2-1/2"]
[WhiteElo "2229"]
[BlackElo "2057"]

1.d4 Nf6 2.Bg5 Ne4 3.Bf4 c5 4.f3 Qa5+ 5.c3 Nf6 6.Nd2 cxd4 7.Nb3 Qd8 8.cxd4 d5
9.Rc1 Nc6 10.e3 e6 11.Bd3 Nh5 12.Ne2 Nxf4 13.Nxf4 Bb4+ 14.Kf2 Bd6 15.g3 O-O
16.Bb1 Bxf4 17.gxf4 Qh4+ 18.Ke2 Bd7 19.Nc5 Be8 20.Qe1 Qxe1+ 21.Rhxe1 b6 22.Nd3 Bd7
23.f5 exf5 24.Nf4 Ne7 25.Rc7 Rfd8 26.h4 Kf8 27.Bd3 a5 28.Rec1 Rdc8 29.Kd2 Bc6
30.Rxc8+ Rxc8 31.Rc3 g6 32.Ba6 Rb8 33.Nd3 b5 34.Ne5 Be8 35.Rc7 Rb6 36.Bc8 Nc6
37.Nd7+ Bxd7 38.Bxd7 Nb8 39.Bc8 Rc6 40.Rxc6 Nxc6 41.Bb7 Ne7 42.f4 Ke8 43.Ba6 b4
44.Bb5+ Kd8 45.Ba4 f6 46.Ke2 Kc7 47.Kf3 h6 48.a3 bxa3 49.bxa3 g5 50.hxg5 fxg5
51.fxg5 hxg5 52.Bc2 Kd6 53.Bb3 Nc8 54.Bc2 Ke6 55.Bd3 Nd6 56.Ba6 a4 57.Bd3 Nc4
58.Bc2 Nxa3 59.Bxa4 Nc4 60.Bb5 Nd2+ 61.Ke2 Ne4 62.Kf3 Nf6 63.Ba6 Nh5 64.Bc8+ Kf6
65.Bb7 g4+ 66.Kf2 Ke6 67.Bc8+ Kf6 68.Bb7 Kg5 69.Bxd5 f4 70.exf4+ Kxf4 71.Bb7 g3+
72.Kg2 Nf6 73.Bf3 Ke3 74.d5 Nxd5  1/2-1/2

[Event "Open"]
[Site "Olomouc CZE"]
[Date "2006.08.09"]
[Round "8"]
[White "Karhanek,P"]
[Black "Zakharov,Vas"]
[Result "1/2-1/2"]
[WhiteElo "2144"]
[BlackElo "2064"]

1.d4 Nf6 2.Bg5 Ne4 3.Bf4 d5 4.e3 e6 5.Bd3 Bd6 6.Ne2 O-O 7.O-O b6 8.c4 Bb7
9.Qc2 Nd7 10.Nbc3 Nxc3 11.bxc3 dxc4 12.Bxh7+ Kh8 13.Be4 Bxe4 14.Qxe4 a6 15.a4 b5
16.axb5 axb5 17.Qc6 Bxf4 18.Rxa8 Qxa8 19.Qxd7 Bd6 20.Qxb5 Qa2 21.Nc1 Qc2
22.Qxc4 Rb8 23.Nd3 Rb3 24.Ne5 Bxe5 25.dxe5 Rxc3 26.Qh4+ Kg8 27.Qd8+ Kh7 28.Qh4+ Kg8
29.h3 Qd2 30.Kh2 Rc1 31.Rxc1  1/2-1/2

[Event "ch-Euro Senior"]
[Site "Davos SUI"]
[Date "2006.08.10"]
[Round "6"]
[White "Cebalo,M"]
[Black "Gruzmann,B"]
[Result "1/2-1/2"]
[WhiteElo "2505"]
[BlackElo "2309"]

1.d4 Nf6 2.Bg5 Ne4 3.Bf4 c5 4.f3 Qa5+ 5.c3 Nf6 6.d5 e6 7.e4 exd5 8.exd5 d6
9.Qe2+ Kd8 10.Qd2 b5 11.a4 bxa4 12.Na3 Ba6 13.Nh3 h6 14.Nf2 Be7 15.Bxa6 Qxa6
16.c4 Nbd7 17.O-O g5 18.Bg3 Nb6 19.Qc2 Qc8 20.Ne4 Ne8 21.Rfe1 Qd7 22.Nb5 h5
23.Qc3 Rh6 24.Qa5 h4 25.Bf2 Nc7 26.Nxc7 Qxc7 27.Nc3 Nxd5 28.Qxa4 Nxc3 29.bxc3 Re6
30.Red1 Re5 31.Rd5 Rxd5 32.cxd5 Bf6 33.Re1 Qd7 34.Qa5+ Kc8 35.Qa6+ Kd8 36.Bxc5 Be5
37.Be3 f6 38.c4 Qc8 39.Qa4 Qd7 40.Qc2 Rc8 41.Rb1 Rc7 42.Qg6 Rb7 43.Qg8+ Kc7
44.Rc1 Qc8 45.Qg6 Kb8 46.c5 dxc5 47.Rxc5 Rc7 48.Qb1+ Ka8 49.Qb5 Qb8 50.h3  1/2-1/2

[Event "San Agustin Open"]
[Site "Aviles ESP"]
[Date "2006.08.11"]
[Round "7"]
[White "Mladenov,P"]
[Black "Tulay,B"]
[Result "1-0"]
[WhiteElo "2229"]
[BlackElo "2152"]

1.d4 Nf6 2.Bg5 Ne4 3.Bf4 c5 4.f3 Nf6 5.dxc5 e5 6.Bxe5 Bxc5 7.Bd4 Bxd4 8.Qxd4 d5
9.e3 O-O 10.Nc3 Nc6 11.Qd2 d4 12.exd4 Re8+ 13.Nge2 Bf5 14.O-O-O Nb4 15.Ne4 a5
16.N2c3 Rc8 17.Bb5 Rxe4 18.fxe4 Nxe4 19.Qf4 Nxc3 20.bxc3 Qd5 21.Qe5 Qxe5
22.dxe5 Nxa2+ 23.Kb2 Nxc3 24.Rdf1 Be6 25.Bd3 b5 26.Bf5 Rc5 27.Bxe6 fxe6 28.Re1 Na4+
29.Kc1 b4 30.Rhf1 b3 31.Rf2 Rc3 32.Rd1 h6 33.Kb1 Rc8 34.Rd3 Nc3+ 35.Kb2 Na4+
36.Kc1 Nc5 37.Rc3 a4 38.Kb1 Rc7 39.cxb3 axb3 40.Rb2 Na6 41.Rbxb3 Rxc3 42.Rxc3 Kf7
43.Kc2 Nb4+ 44.Kb3 Nd5 45.Rf3+ Kg6 46.Kc4 Ne7 47.Kc5 Nf5 48.g4 Nh4 49.Rf2  1-0

[Event "San Agustin Open"]
[Site "Aviles ESP"]
[Date "2006.08.13"]
[Round "9"]
[White "Mladenov,P"]
[Black "Alonso Alvarez,A"]
[Result "1-0"]
[WhiteElo "2229"]
[BlackElo "2135"]

1.d4 Nf6 2.Bg5 Ne4 3.Bf4 c5 4.f3 Nf6 5.dxc5 Qa5+ 6.Qd2 Qxc5 7.e4 d6 8.Nc3 g6
9.O-O-O Nc6 10.Nd5 Nxd5 11.exd5 Ne5 12.Be3 Qc7 13.Bd4 h5 14.Kb1 Bh6 15.f4 O-O
16.Qf2 Ng4 17.Qg3 Bf5 18.Bd3 Bxd3 19.Rxd3 e5 20.dxe6 fxe6 21.Ne2 Kh7 22.h3 Nf6
23.Qh4 e5 24.fxe5 dxe5 25.Be3 Bxe3 26.Rxe3 Nd5 27.Rd3 Nf4 28.Nxf4 Rxf4 29.Qg5 e4
30.Rd7+ Qxd7 31.Qxf4 Re8 32.Qe3 a6 33.g4 Qd5 34.Rf1 Re7 35.a3 b5 36.Re1 Qe5
37.gxh5 Qxh5 38.Qf4 Qe5 39.Qxe5 Rxe5 40.Kc1 Kg7 41.Kd2 Kf6 42.Rf1+ Rf5 43.Rxf5+ Kxf5
44.Ke3 Ke5 45.h4 a5 46.a4 b4 47.c3 bxc3 48.bxc3 Kd5 49.Kf4 Kc4 50.Kxe4 Kb3
51.c4 Kxa4 52.c5 Kb5 53.Kd5 a4 54.c6 Kb6 55.Kd6 a3 56.c7  1-0

[Event "Acropolis Open"]
[Site "Athens GRE"]
[Date "2006.08.14"]
[Round "2"]
[White "Stefanopoulos,O"]
[Black "Vouldis,A"]
[Result "0-1"]
[WhiteElo "2246"]
[BlackElo "2521"]

1.d4 Nf6 2.Bg5 Ne4 3.Bf4 c5 4.d5 Qb6 5.Bc1 g6 6.f3 Nd6 7.e4 Bg7 8.Nd2 f5
9.exf5 Nxf5 10.Nc4 Qf6 11.Nh3 b5 12.Bg5 Qd4 13.Qxd4 cxd4 14.Nd2 h6 15.Bf4 g5
16.Bg3 Nxg3 17.hxg3 Bb7 18.Bxb5 Bxd5 19.O-O-O Nc6 20.Rhe1 Nb4 21.Bc4 Rc8
22.Bxd5 Nxd5 23.Ne4 O-O 24.Rd2 Ne3 25.g4 Rc6 26.Nhf2 Nxg2 27.Rg1 Ne3 28.Nd1 Nc4
29.Rf2 Ne5 30.Kb1 Rxf3 31.Rxf3 Nxf3 32.Rg3 d5 33.Nef2 Rf6 34.b4 e5 35.Nh3 e4
36.Ng1 Nxg1 37.Rxg1 Rb6 38.a3 a5 39.Nb2 axb4 40.a4 b3 41.cxb3 Rxb3 42.Ka2 Rb8
43.Rc1 d3 44.Nd1 d4 45.Rb1 Ra8 46.Nf2 e3 47.Nxd3 Rxa4+ 48.Kb3 Ra8 49.Kc4 Rc8+
50.Kd5 Re8 51.Re1 Kh7 52.Nc1 Kg6 53.Kc4 h5 54.gxh5+ Kxh5 55.Kd3 g4 56.Ne2 Kg5
57.Rf1 Ra8 58.Ng3 Ra3+ 59.Ke2 d3+  0-1

[Event "Epetium Open"]
[Site "Stobrec CRO"]
[Date "2006.08.16"]
[Round "4"]
[White "Maslov,Z"]
[Black "Vita,F"]
[Result "0-1"]
[WhiteElo "2013"]
[BlackElo "2081"]

1.d4 Nf6 2.Bg5 Ne4 3.Bh4 c5 4.f3 Qa5+ 5.c3 Nf6 6.dxc5 Qxc5 7.Bf2 Qa5 8.e4 e6
9.Nd2 d5 10.e5 Nfd7 11.f4 Be7 12.Ngf3 O-O 13.Bd3 Nc6 14.Nb3 Qc7 15.Qc2 f5
16.O-O-O b6 17.g4 Nc5 18.Nxc5 bxc5 19.Rhg1 c4 20.Be2 Bd7 21.Be3 Be8 22.gxf5 Rxf5
23.Bf1 Bg6 24.Qd2 Rb8 25.Rxg6 hxg6 26.Bh3 Qa5 27.Bxf5 gxf5 28.Qc2 Qxa2 29.Nd2 Ba3  0-1

[Event "Acropolis Open"]
[Site "Athens GRE"]
[Date "2006.08.17"]
[Round "5"]
[White "Ignatiadis,K"]
[Black "Kharlampidi,T"]
[Result "0-1"]
[WhiteElo "2248"]
[BlackElo "2181"]

1.d4 Nf6 2.Bg5 Ne4 3.Bf4 c5 4.f3 Nf6 5.d5 d6 6.e4 e5 7.Be3 Be7 8.Bb5+ Nbd7
9.a4 O-O 10.Ne2 a6 11.Bd3 b6 12.O-O Nh5 13.Qd2 g6 14.g4 Ng7 15.Ng3 Kh8 16.c4 Rb8
17.Nc3 Nf6 18.Be2 h5 19.g5 Nh7 20.h4 f6 21.f4 exf4 22.Rxf4 fxg5 23.Rxf8+ Nxf8
24.hxg5 Nd7 25.e5 Nxe5 26.Nce4 Bf5 27.Bf4 Nf7 28.Re1 Ne8  0-1

[Event "Acropolis Open"]
[Site "Athens GRE"]
[Date "2006.08.19"]
[Round "7"]
[White "Ignatiadis,K"]
[Black "Hadzimanolis,A"]
[Result "1/2-1/2"]
[WhiteElo "2248"]
[BlackElo "2333"]

1.d4 Nf6 2.Bg5 Ne4 3.Bf4 c5 4.f3 Qa5+ 5.c3 Nf6 6.Nd2 cxd4 7.Nb3 Qb6 8.Qxd4 Nc6
9.Qxb6 axb6 10.Nd4 e5 11.Nxc6 exf4 12.Nd4 Bc5 13.g3 Bxd4 14.cxd4 Nd5 15.gxf4 d6
16.e4 Nxf4 17.Kd2 Bd7 18.Ke3 Ne6 19.Bc4 Ke7 20.Ne2 Ra5 21.a3 Nc7 22.Nc3 Rh5
23.h4 Bc6 24.d5 Bd7 25.Be2 g5 26.hxg5 Rxg5 27.Rh6 Rg6 28.Rah1 Rxh6 29.Rxh6 f6
30.f4 Kf7 31.e5 Kg7 32.Rh1 dxe5 33.fxe5 fxe5 34.Rh5 Re8 35.Ke4 h6 36.Rxe5 Kf6
37.Rxe8 Nxe8 38.Kf4 Nd6 39.a4 Bf5 40.b4 Bc2 41.a5 bxa5 42.bxa5 Bf5 43.a6  1/2-1/2

[Event "23rd Open"]
[Site "Collado Villalba ESP"]
[Date "2006.08.20"]
[Round "2"]
[White "Alvarez Abejon,A"]
[Black "Petkov,V"]
[Result "0-1"]
[WhiteElo "2134"]
[BlackElo "2480"]

1.d4 Nf6 2.Bg5 Ne4 3.Bh4 c5 4.f3 g5 5.fxe4 gxh4 6.e3 Nc6 7.Nf3 Bg7 8.Bc4 cxd4
9.exd4 Qb6 10.Nc3 Nxd4 11.Nxd4 Qxd4 12.Qe2 e6 13.Nb5 Qxb2 14.O-O O-O 15.Rad1 a6
16.Nd6 Qe5 17.Qf2 b5 18.Bb3 a5 19.c4 a4 20.Bc2 bxc4 21.Nxc8 Raxc8 22.Rxd7 Rb8
23.Rxf7 Qd4 24.e5 Qxe5 25.Kh1 h3 26.Qa7 Rxf7 27.Qxf7+ Kh8 28.Qf4 Rf8 29.Qxc4 hxg2+
30.Kxg2 Rg8 31.Qe4 Qh5 32.Qf3 Bd4+  0-1

[Event "XXVI Open A"]
[Site "Bratto ITA"]
[Date "2006.08.21"]
[Round "3"]
[White "Cebalo,M"]
[Black "Guido,F"]
[Result "1-0"]
[WhiteElo "2505"]
[BlackElo "2323"]

1.d4 Nf6 2.Bg5 Ne4 3.Bf4 c5 4.f3 Qa5+ 5.c3 Nf6 6.d5 Qb6 7.e4 Qxb2 8.Nd2 Qxc3
9.Bc7 d6 10.Ne2 Qe3 11.Nc4 Qg5 12.Ba5 Na6 13.Bd2 Qg6 14.Nf4 Qg5 15.Rb1 Nd7
16.Be2 e5 17.dxe6 fxe6 18.O-O Qf6 19.Be3 Qe7 20.Qa4 Nc7 21.Rfd1 b5 22.Rxb5 Nxb5
23.Qxb5 Rb8 24.Qc6 Bb7 25.Qc7 d5 26.exd5 exd5 27.Nxd5 Bxd5 28.Rxd5 Rb1+ 29.Bf1 Qe6
30.Qc8+ Ke7 31.Bg5+ Nf6 32.Re5  1-0

[Event "23rd Open"]
[Site "Collado Villalba ESP"]
[Date "2006.08.22"]
[Round "4"]
[White "Aranaz Portugues,J"]
[Black "Babaev,Ra"]
[Result "0-1"]
[WhiteElo "2159"]
[BlackElo "2454"]

1.d4 Nf6 2.Bg5 Ne4 3.Bf4 d5 4.e3 g6 5.Bd3 Bg7 6.Bxe4 dxe4 7.Nd2 f5 8.c3 Be6
9.f3 exf3 10.Ngxf3 Nd7 11.O-O h6 12.Qc2 g5 13.Bxg5 hxg5 14.Nxg5 Nf8 15.Nxe6 Nxe6
16.Qxf5 Qd6 17.g3 O-O-O 18.c4 Bh6 19.Kg2 Rdf8 20.Qg4 Rfg8 21.Qf5 Bxe3 22.Rae1 Rxh2+  0-1

[Event "VII Open"]
[Site "Tarragona ESP"]
[Date "2006.08.22"]
[Round "4"]
[White "Martinez Pena,M"]
[Black "Vilela,JL"]
[Result "0-1"]
[WhiteElo "2261"]
[BlackElo "2355"]

1.d4 Nf6 2.Bg5 Ne4 3.Bf4 c5 4.f3 Qa5+ 5.c3 Nf6 6.Nd2 cxd4 7.Nb3 Qb6 8.Qxd4 Qxd4
9.Nxd4 a6 10.e4 d6 11.Bg5 Nbd7 12.Nge2 b6 13.Nc2 Bb7 14.Ned4 e6 15.Ne3 Be7
16.Nc4 d5 17.Bxf6 gxf6 18.exd5 Bxd5 19.Ne3 Bb7 20.Be2 f5 21.Rd1 Nf6 22.f4 Rd8
23.O-O Bc5 24.Nec2 Ne4 25.Bf3 b5 26.Rfe1 h5 27.Kf1 h4 28.Ke2 Ke7 29.Nb3 Bb6
30.Rxd8 Rxd8 31.Nbd4 Kf6 32.Rd1 Bd5 33.Nb4 Bb7 34.Nbc2 Rd6 35.a3 Bc5 36.Nb3 Rxd1
37.Kxd1 Bg1 38.Na5 Bc8 39.Bxe4 fxe4 40.Ke2 Bxh2 41.Ke3 Bg1+ 42.Kxe4 Bb6 43.b4 Bxa5
44.bxa5 Bb7+ 45.Ke3 Bxg2 46.Nb4 Bb7 47.Nd3 h3 48.Nf2 Bg2 49.Kd4 Kf5 50.Nxh3 Bxh3
51.Kc5 Kxf4 52.Kb6 Bf1  0-1

[Event "3rd Dato Arthur Tan"]
[Site "Kuala Lumpur MAS"]
[Date "2006.08.23"]
[Round "6"]
[White "Dimakiling,O"]
[Black "Laylo,D"]
[Result "1-0"]
[WhiteElo "2463"]
[BlackElo "2428"]

1.d4 Nf6 2.Bg5 Ne4 3.Bh4 d5 4.f3 Nd6 5.Nc3 Nf5 6.Bf2 e5 7.dxe5 d4 8.e4 dxc3
9.Qxd8+ Kxd8 10.O-O-O+ Ke8 11.exf5 cxb2+ 12.Kxb2 Bxf5 13.Ne2 Nc6 14.Ng3 Be6
15.Bb5 a6 16.Bxc6+ bxc6 17.Ne2 Rb8+ 18.Ka1 Ba3 19.Rb1 Ke7 20.Nd4 Bd7 21.c3 c5
22.Nc2 Rxb1+ 23.Rxb1 Bf5 24.Nxa3 Bxb1 25.Kxb1 Rb8+ 26.Kc2 Ke6 27.Bxc5 Kxe5
28.c4 g6 29.Nb1 h5 30.Nc3 c6 31.h4 Rb7 32.Ne2 Ke6 33.Nd4+ Kd7 34.a4 Rb8 35.a5 Re8
36.Kd2 Re5 37.Nb3 g5 38.g3 gxh4 39.gxh4 Rf5 40.Ke3  1-0